Tuyển tập văn chương

Na minha lista:
Detalhes bibliográficos
Formato: Livro
Idioma:Undetermined
Publicado em: Tp. HCM Thanh Niên 1999
Assuntos:
Tags: Adicionar Tag
Sem tags, seja o primeiro a adicionar uma tag!
Thư viện lưu trữ: Trung tâm Học liệu Trường Đại học Cần Thơ
LEADER 00481nam a2200145Ia 4500
001 CTU_39547
008 210402s9999 xx 000 0 und d
082 |a 808 
082 |b T527/T2 
245 0 |a Tuyển tập văn chương 
260 |a Tp. HCM 
260 |b Thanh Niên 
260 |c 1999 
650 |a vietnamese lietrature - 20th century - history and criticism,vietnamese literature - 20th century - collections 
980 |a Trung tâm Học liệu Trường Đại học Cần Thơ